Frank Ocean - Nights lyrics - Statistics

General Stats
  • This quiz has been taken 951 times
  • The average score is 272 of 625
Answer Stats
Answer % Correct
you
96%
You
96%
the
94%
The
94%
Every
93%
every
93%
(Every
93%
a
92%
I
89%
city,
84%
city
84%
need
84%
'Round
84%
'round
84%
night
80%
night,
80%
No,
80%
no,
80%
No
80%
no
80%
Everybody
78%
everybody
78%
can't
77%
Can't
77%
clock
77%
your
77%
Your
77%
don't
76%
needs
74%
My
73%
my
73%
equal
69%
got
69%
make
69%
bein'
68%
with
67%
family
66%
body
65%
body,
65%
up
64%
up?
64%
up,
64%
see
62%
See
62%
honest
61%
know
61%
Know
61%
Fuck
60%
fuck
60%
nobody
60%
Although
59%
And
58%
and
58%
even
58%
day,
51%
day
51%
through
51%
it
50%
it,
50%
beaucoup
49%
when
48%
When
48%
'til
47%
whole
45%
most
42%
people
42%
them
42%
better
41%
than
40%
Transportation,
40%
in
39%
in,
39%
law
39%
trust
39%
shit,
38%
shit
38%
shit)
38%
that
38%
That
38%
break
37%
Breathe
36%
money
36%
Get
35%
get
35%
right
34%
conversation
33%
handmade
33%
hope
33%
Hope
33%
me
33%
we
33%
anyways
32%
keep
32%
on
31%
On
31%
evaporated
30%
left
30%
bruh
29%
have
29%
to
29%
fuckin',
28%
Fuckin'
28%
Workin'
28%
down
27%
If
27%
if
27%
life
27%
Oh,
27%
worst
27%
ain't
26%
Ain't
26%
killin'
26%
na
26%
New
26%
nights
26%
Shooters
26%
All
25%
all
25%
'em
25%
fucked
25%
is
25%
some
25%
Spend
25%
spend
25%
won't
25%
calm
24%
I'm
24%
tell
24%
well
24%
well,
24%
beginnings,
23%
by?
23%
full
23%
out
22%
out,
22%
Shut
21%
Why
21%
eyes
20%
from
20%
goin'
20%
like
20%
sack
20%
This
20%
Time
20%
Did
19%
doin'
19%
feel
19%
gushy,
19%
of
19%
you're
19%
call
18%
fucks
18%
God,
18%
nirvana,
18%
start
18%
wake
18%
(bitch)
17%
bitch
17%
past
17%
Wanna
17%
wanna
17%
die
16%
shift
16%
shift,
16%
sun's
16%
want
16%
patches
15%
but
14%
sleep
14%
though,
14%
tryna
14%
where
14%
baby
13%
been
13%
Been
13%
hear
13%
seance?
13%
vacation
13%
cheap
12%
marijuana,
12%
nani
12%
Ooh,
12%
reach
12%
stressed
12%
That's
12%
that's
12%
ah
11%
everyday
11%
it's
11%
kumbaya
11%
off
11%
Rollin'
11%
waitin'
11%
are
10%
for
10%
survive
10%
at
9%
broke
9%
gon'
9%
laid
9%
should
9%
yeah
9%
first
8%
had
8%
head
8%
before
7%
come
7%
comin'
7%
Droppin'
7%
yet
7%
after
6%
After
6%
Always
6%
Bummed
6%
bummed
6%
home
6%
just
6%
KO
6%
match
6%
mattress
6%
boys
5%
good
5%
Quaalude
5%
28th
4%
Back
4%
could
4%
didn't
4%
here
4%
made
4%
none
4%
Signal
4%
way
4%
Acura
3%
address
3%
eat
3%
own
3%
Stayin'
3%
Texas,
3%
1998,
2%
gettin'
2%
hit
2%
I'll
2%
Legend
2%
let
2%
lighters
2%
look
2%
millionaire
2%
ready
2%
self
2%
six
2%
Still
2%
white
2%
active
1%
akh
1%
apartment
1%
bishops
1%
Boswell
1%
buildin'
1%
buzz
1%
campus
1%
changer
1%
Couple
1%
least
1%
mansions
1%
memorized
1%
missin'
1%
occasion
1%
only
1%
outside
1%
Percy
1%
Preachin'
1%
status
1%
transfer
1%
'Trina
1%
waited
1%
back's
0%
discs
0%
Houston's
0%
Kept
0%
outta
0%
reverends
0%
Shoney's
0%
No matching quizzes found
Score Distribution
Percent of People with Each Score
Percentile by Number Answered
Your Score History
You have not taken this quiz